|
|
|
|
| LEADER |
00000nam a2200000 a 4500 |
| 005 |
20150803151025.0 |
| 007 |
cr ||||||||||| |
| 008 |
150127s2014 sp s 000 0 spa|c |
| 020 |
|
|
|a 9788490852620
|
| 035 |
|
|
|a 12792
|
| 040 |
|
|
|a vLex
|
| 090 |
|
|
|c 5495
|d 5495
|
| 100 |
1 |
|
|a Ruiz-Rico Ruiz, Catalina
|
| 245 |
1 |
0 |
|a Tendencias legales
|h [Recurso electrn̤ico] :
|b hacia la calidad democrt̀ica del sistema constitucional /
|c Catalina Ruiz-Rico Ruiz
|
| 256 |
|
|
|a Servicio en ln̕ea
|
| 260 |
|
|
|a Madrid :
|b Dykinson,
|c 2014
|
| 300 |
|
|
|a 1 recurso electrn̤ico
|
| 504 |
|
|
|a Índice y bibliografa̕
|
| 506 |
1 |
|
|a Contenido disponible en los productos indicados
|d vLex Global
|d vLex Global (Academic Edition, excluding Law Schools)
|d vLex Global (U.S. Academic Edition, Law Schools)
|d vLex Global (U.S. Academic Edition, excluding Law Schools)
|d vLex Global (Academic Edition, Law Schools)
|
| 650 |
0 |
4 |
|a Transparencia polt̕ica
|z Espaą
|
| 650 |
0 |
4 |
|a Ética polt̕ica
|z Espaą
|
| 740 |
0 |
|
|a vLex Libros (Servicio en ln̕ea)
|
| 856 |
4 |
0 |
|z Acceso restringido
|u http://vlex.com/source/tendencias-legales-hacia-la-calidad-democratica-del-sistema-constitucional-12792
|
| 942 |
|
|
|c BOOK
|
| 999 |
0 |
|
|a Transparency in government
|
| 999 |
0 |
|
|a Political ethics
|